| 000 | 00000nam##2200000za#4500 |
| 001 | 9.700489 |
| 003 | CaOODSP |
| 005 | 20210625000845 |
| 007 | cr ||||||||||| |
| 008 | 150407|1986||||xxc|||||o f|0| 0 eng|d |
| 040 | |aCaOODSP|beng |
| 043 | |an-cn--- |
| 086 | 1 |aA53-5224/1986E-PDF |
| 110 | 1 |aCanada.|bAgriculture Canada. |bCommunications Branch. |
| 245 | 10|aNew winter-hardy roses, weigelas, forsythias, and mock oranges |h[electronic resource] |
| 260 | |aOttawa - Ontario : |bAgriculture Canada. |c1986. |
| 300 | |a6p. |
| 500 | |aHistorical publication digitized by Agriculture and Agri-Food Canada. |
| 590 | |a15-05-Supp|b2015-03-31 |
| 690 | 07|aFlora|2gcpds |
| 775 | 08|tNouveaux cultivars de rosiers, diervillées, forsythies et seringats, frésistants au froid |w(CaOODSP)9.644369 |
| 856 | 40|ahttp://publications.gc.ca|qPDF|s292 KB|uhttps://publications.gc.ca/collections/collection_2015/aac-aafc/A53-5224-1986-eng.pdf |
| 986 | |aPublication 5224/E |